000 00308nam a22001337a 4500
008 181101b xxu||||| |||| 00| 0 eng d
020 _a0312057172
041 _aeng
080 _23 th
_a370
100 _a47
101 _aedu
245 _aThe Bedford Handbook For Writers
_cGlenn.B
942 _2udc
_cBK
999 _c51554
_d51554